01009cam a2200241 a 450000100100000000500170001000800410002702000150006804000250008308200150010810000290012324501200015226000550027230000240032750000310035159000670038265000220044965000180047170000340048995201130052395201140063699900170075000001584720200929164156.0930506s1992 pn 000 0 spa  a9806084896 aDO-SdBNPbspacBNPHU a110bH233c1 aHanaranda, Mulla.93565710aCábriba :bel jardín de los dioses /cMulla Hanaranda ; traducido al castellano y editado por Jorge A. Carrizo. aPanamá :bGrupo Metafísico Serapis Bey,c1992. ax, 295 p. ;c23 cm. aTítulo original Cabriba. aLa biblioteca posee ejemplar autobiografiado por el traductor. 4aMetafisica919469 4aDioses9356581 aCarrizo, Jorge A.etr.925974 001050718MOaGRbGRcHDd2010-02-19iLF1l0o110 H233cp15847-10r2020-06-25w2020-06-25y1ZNo se presta 0010507-18MOaGRbGRcOId2017-05-29iLF1l0o110 H233cp15847-20r2020-06-25w2020-06-25y1ZNo se presta c15391d15391